Normal view
MARC view
- Varo, Remedios,
Entry Nombre Personal
001 - NUMERO DE CONTROL
- campo de control: 40751
003 - IDENTIFICADOR DE NUMERO DE CONTROL
- campo de control: UPN
005 - FECHA Y HORA DE LA ÜLTIMA TRANSACCIÓN
- campo de control: 20210219194600.0
008 - DATOS DE LONGITUD FIJA
- campo de control de longitud fija: nabaccnnaabn|||||||||| b |nc|||||d
035 ## - NUMERO DE CONTROL
- Número de control: UPN11000012858
040 ## - FUENTE DE CATALOGACIÓN
- Lenguaje de catalogación: SPA
- Agencia de transcripción: UPN
100 1# - ENCABEZAMIENTO - NOMBRE PERSONAL
- Nombre personal: Varo, Remedios,
- Fechas asociadas con el nombre: 1908–1963
670 ## - FUENTE EN LA QUE SE LOCALIZARON DATOS
- Cita de la fuente: T
- Uniform Resource Identifier: https://www.google.com.mx/search?q=remedios+varo+biografia&oq=Varo%2C+Remedios&aqs=chrome.3.69i57j0l5.4049j0j8&sourceid=chrome&ie=UTF-8
680 ## - NOTA PUBLICA DE ACCESO PÚBLICO
- Frase explicativa de la referencia: Pintora surrealista, escritora y artista gráfica española exiliada política en México primero y más tarde naturalizada mexicana
902 ## - CATALOGADOR
- Catalogador: EMR/261017
